00929nam a2200229 i 4500001000700000003000900007005001700016007000300033008004100036020001800077100002700095245021500122250001200337260003200349300002200381490003900403700003600442830004700478852003300525999001900558952012200577142486ES-MaACL20230906200532.0t|071005s1986 sp ||||1| spa d a84-7398-402-11 aWitker, Jorge.911716610aCómo elaborar una tesis en derecho b: ; pautas metodológicas y técnicas para el estudiante o investigador del derecho / cJorge Witker ; adaptación a la normativa española por Germán Porras Olalla. a1ª ed. aMadrid : bCivitas, c1986. a148 p. ; c20 cm.1 aFormularios y manuales prácticos1 aPorras Olalla, Germán.9931580 aFormularios y manuales prácticos9187243 aES-MaACLjL-10691 bR.112071 c142486d142486 00104070aATENEOMbATENEOMcDEPO2d2008-01-17eSCl0oL-10691p1148256r2023-02-23 00:00:00w2023-02-23yMONOGRAFIA